Normal view
MARC view
Entry Personal Name
001 - CONTROL NUMBER
- control field: 526116
003 - CONTROL NUMBER IDENTIFIER
- control field: OSt
005 - DATE AND TIME OF LATEST TRANSACTION
- control field: 20220930065614.0
008 - FIXED-LENGTH DATA ELEMENTS
- fixed length control field: 220930|| aca||aabn | a|a d
040 ## - CATALOGING SOURCE
- Original cataloging agency: OSt
- Transcribing agency: OSt
100 ## - HEADING--PERSONAL NAME
- Personal name: Mathur Shiv Kumar
670 ## - SOURCE DATA FOUND
- Source citation: Work cat.: (OSt)859786: Mathur Shiv Kumar, Studies in the synthesis of flavones and flavonols and the chemical examination of the pigment of arnebia hispidissima (Ratanjot), 1965
